The Results Fieldbook : (Record no. 305443)
[ view plain ]
| 000 -LEADER | |
|---|---|
| fixed length control field | 00802nam a2200265Ia 4500 |
| 008 - FIXED-LENGTH DATA ELEMENTS--GENERAL INFORMATION | |
| fixed length control field | 170203s9999 xx 000 0 und d |
| 020 ## - INTERNATIONAL STANDARD BOOK NUMBER | |
| International Standard Book Number | 9780871205216 |
| 050 ## - LIBRARY OF CONGRESS CALL NUMBER | |
| Classification number | 371.2 |
| 050 ## - LIBRARY OF CONGRESS CALL NUMBER | |
| Item number | .S369r 2001 |
| 100 ## - MAIN ENTRY--PERSONAL NAME | |
| Personal name | Schmoker, Mike. |
| 245 #4 - TITLE STATEMENT | |
| Title | The Results Fieldbook : |
| 245 ## - TITLE STATEMENT | |
| Remainder of title | practical strategies from dramatically improved schools / |
| 245 ## - TITLE STATEMENT | |
| Statement of responsibility, etc | Mike Schmoker. |
| 260 ## - PUBLICATION, DISTRIBUTION, ETC. (IMPRINT) | |
| Place of publication, distribution, etc | Virginia USA : |
| 260 ## - PUBLICATION, DISTRIBUTION, ETC. (IMPRINT) | |
| Name of publisher, distributor, etc | ASCD Publication. |
| 260 ## - PUBLICATION, DISTRIBUTION, ETC. (IMPRINT) | |
| Date of publication, distribution, etc | 2001 |
| 300 ## - PHYSICAL DESCRIPTION | |
| Extent | 150 pages : |
| 300 ## - PHYSICAL DESCRIPTION | |
| Other physical details | illustrations ; |
| 300 ## - PHYSICAL DESCRIPTION | |
| Dimensions | 28 cm. |
| 500 ## - GENERAL NOTE | |
| General note | Includes bibliographical references (p. 143-145) and index. |
| 650 ## - SUBJECT ADDED ENTRY--TOPICAL TERM | |
| Topical term or geographic name as entry element | School improvement programs--United States-- |
| 650 ## - SUBJECT ADDED ENTRY--TOPICAL TERM | |
| Topical term or geographic name as entry element | School management and organization--United States-- |
| 650 ## - SUBJECT ADDED ENTRY--TOPICAL TERM | |
| General subdivision | Case studies. |
| 650 ## - SUBJECT ADDED ENTRY--TOPICAL TERM | |
| General subdivision | Case studies. |
No items available.